000 01423cam a2200169 4500500
005 20260329014602.0
041 _afre
042 _adc
100 1 0 _aVenditti, Alain
_eauthor
245 0 0 _aEconomic Policy in the Presence of Coordination Problems by R.W.Cooper
260 _c2005.
500 _a33
520 _aPolitique économique en présence de problèmes de coordination Cet article analyse la politique gouvernementale en présence des jeux de coordination. Dans les situations économiques avec équilibres multiples, l’intervention du gouvernement peut être nécessaire pour dépasser les problèmes de coordination et internaliser les externalités. Cependant, la définition des interventions optimales est rendue plus difficile par la présence des complémentarités stratégiques et des équilibres multiples.
520 _aThis paper discusses the conduct of government policy in coordination games. In economic situations with multiple equilibria, government intervention may be valuable to overcome coordination problems and to internalize externalities. Yet, the design of optimal interventions is made more difficult by the presence of strategic complementarities and multiple equilibria.
786 0 _nRevue d'économie politique | 115 | 4 | 2005-08-01 | p. 391-392 | 0373-2630
856 4 1 _uhttps://shs.cairn.info/revue-d-economie-politique-2005-4-page-391?lang=fr&redirect-ssocas=7080
999 _c1890327
_d1890328